000 00409nam a2200181Ia 4500
003 0STCL
008 150530s9999 xx 000 0 und d
040 _aSTCL
_cSTCL
100 _aVasudevan Nair, P.K.
245 _aJailpalli
250 _a1
260 _bSree Narasimha Vilasam ; Thuravoor
_c1950
300 _a0
546 _aMalayalam
942 _2ddc
_cBK
999 _c77070
_d77070
005 20220125171639.0